LEADER 03171nam 22005893u 450 001 9910451783003321 005 20210218010359.0 010 $a1-78138-049-X 010 $a1-84631-285-X 010 $a1-4175-6810-0 035 $a(CKB)1000000000448729 035 $a(EBL)380578 035 $a(OCoLC)437241513 035 $a(SSID)ssj0000123158 035 $a(PQKBManifestationID)11157711 035 $a(PQKBTitleCode)TC0000123158 035 $a(PQKBWorkID)10005369 035 $a(PQKB)11674064 035 $a(StDuBDS)EDZ0001111432 035 $a(UkCbUP)CR9781846312854 035 $a(MiAaPQ)EBC380578 035 $a(EXLCZ)991000000000448729 100 $a20130418d2002|||| u|| | 101 0 $aeng 181 $ctxt 182 $cc 183 $acr 200 10$aClaude Simon$b[electronic resource] $eA Retrospective 210 1$aLiverpool :$cLiverpool University Press,$d2002. 215 $a1 online resource (240 p.) 225 1 $aLiverpool Science Fiction Texts 300 $aDescription based upon print version of record. 311 $a0-85323-857-X 320 $aIncludes bibliographical references. 327 $aTitle Page; Contents; Acknowledgments; Message from Claude Simon to the Participants at the Conference held in May 1999; Introduction: The Critical Reception of Claude Simon since the 1960's; 1: Thinking History Otherwise: Fiction and the Sites of Memory in Claude Simon; 2: (In)Commensurabilities: The Childhood of Events and the Shock of Encounter in Claude Simon; 3: Instant Replays: The Reintegration of Traumatic Experience in Le Jardin des Plantes; 4: The Dynamics of Conflict in the Novels of Claude Simon; 5: Satire, Burlesque and Comedy in Claude Simon 327 $a6: The Garden of Forking Paths: Intertextuality and Le Jardin des Plantes7: A partir du Jardin des Plantes: Claude Simon's Recapitulations; 8: Supplementary Organs: Media and Machinery in the Late Novels of Claude Simon; 9: One Step Further: Claude Simon's Photographies 1937-1970; 10: Truth, Verbiage and Ecriture in Le Jardin des Plantes; Bibliography; Notes on Contributors 330 $aThis collection of essays celebrates the work of the French Nobel prize-winning novelist Claude Simon. Scholars from France, Germany, the United States and the United Kingdom reconsider the fifty years of Simon's fiction in the light of his large-scale autobiographical novel Le Jardin des Plantes (1997). From a variety of perspectives - postmodernist, psychoanalytic, aesthetic - contributors reflect on the central paradox of Simon's work: his writing and rewriting of an experience of war so disruptive and traumatic that words can never be adequate to communicate it. The layers of artifice in... 410 0$aLiverpool Science Fiction Texts 606 $aSimon, Claude 608 $aElectronic books. 615 4$aSimon, Claude. 676 $a843.914 676 $a843/.914 700 $aDuffy$b Jean H$0970404 701 $aDuncan$b Alastair$038838 801 0$bAU-PeEL 801 1$bAU-PeEL 801 2$bAU-PeEL 906 $aBOOK 912 $a9910451783003321 996 $aClaude Simon$92205640 997 $aUNINA LEADER 03840nam 22006135 450 001 9910369954803321 005 20251116220531.0 010 $a3-030-24756-2 024 7 $a10.1007/978-3-030-24756-0 035 $a(CKB)4100000009758970 035 $a(DE-He213)978-3-030-24756-0 035 $a(MiAaPQ)EBC5971777 035 $a(PPN)25317970X 035 $a(EXLCZ)994100000009758970 100 $a20191104d2020 u| 0 101 0 $aeng 135 $aurnn#008mamaa 181 $ctxt$2rdacontent 182 $cc$2rdamedia 183 $acr$2rdacarrier 200 10$aAtlas of Cytopathology and Radiology /$fedited by Ritu Nayar, Xiaoqi Lin, Ajit S. Paintal, Ramona Gupta, Albert A. Nemcek Jr 205 $a1st ed. 2020. 210 1$aCham :$cSpringer International Publishing :$cImprint: Springer,$d2020. 215 $a1 online resource (XIV, 251 p. 229 illus., 129 illus. in color.) 311 08$a3-030-24754-6 327 $aAn Introduction to Radiology and Cytopathology Considerations in a Collaborative Biopsy Service -- Liver -- Lungs, Mediastinum, and Pleura -- Lymph Nodes and Spleen -- Kidney, Adrenal Gland, and Paraganglia -- Pelvis, Peritoneum, and Omentum -- Esophagus, Gastrointestinal Tract, and Pancreas -- Thyroid, Parathyroid, Head, and Neck -- Salivary Glands -- Bone and Soft Tissue Tumors -- The Breast. 330 $aThe diagnostic services?pathology and radiology?are the cornerstone for supporting the delivery of high-quality healthcare by providing timely and accurate diagnosis. In this era of precision medicine, it has become increasingly important for these two services to work collaboratively in supporting patients and clinical colleagues by informing and communicating the selection and interpretation of appropriate diagnostic tests, as well as obtaining adequate tissue for diagnosis, prognostication, and therapy at initial presentation and, if required, during disease progression/relapse. This book is aimed at practicing cytopathologists and interventional radiologists as well as trainees in these areas. An essential requirement in the accurate diagnosis of these mass lesion biopsies is the correlation of cytomorphology with the radiological findings and adequate triage of acquired material during the biopsy procedure. The cytologic findings, gross surgically resected specimens, and imaging findings are illustrated to provide a complete pathologic-radiologic correlation of the entities discussed. This Atlas of Cytopathology and Radiology serves as a useful guide for pathologists and radiologists in the appropriate triage and diagnosis of deep seated mass lesions biopsied under ultrasound, CT Scan or fluoroscopic guidance. 606 $aPathology 606 $aNeoplasms$xdiagnosis 606 $aCytodiagnosis$xmethods 606 $aCells$xpathology 606 $aRadiology, Interventional 606 $aPathology$3https://scigraph.springernature.com/ontologies/product-market-codes/H4800X 608 $aAtlas. 615 0$aPathology. 615 12$aNeoplasms$xdiagnosis. 615 12$aCytodiagnosis$xmethods. 615 22$aCells$xpathology. 615 22$aRadiology, Interventional. 615 14$aPathology. 676 $a616.07 676 $a616.07 702 $aNayar$b Ritu$4edt$4http://id.loc.gov/vocabulary/relators/edt 702 $aLin$b Xiaoqi$4edt$4http://id.loc.gov/vocabulary/relators/edt 702 $aPaintal$b Ajit S.$4edt$4http://id.loc.gov/vocabulary/relators/edt 702 $aGupta$b Ramona$4edt$4http://id.loc.gov/vocabulary/relators/edt 702 $aNemcek Jr$b Albert A$4edt$4http://id.loc.gov/vocabulary/relators/edt 801 0$bMiAaPQ 801 1$bMiAaPQ 801 2$bMiAaPQ 906 $aBOOK 912 $a9910369954803321 996 $aAtlas of Cytopathology and Radiology$91918766 997 $aUNINA